[Event "LBN-ch"]
[Site "Beirut"]
[Date "2023.11.07"]
[Round "7"]
[White "Slim, Nadim"]
[Black "Abou Deeb, Mark"]
[Result "1-0"]
[WhiteElo "1688"]
[BlackElo "1257"]
[PlyCount "73"]
[EventDate "2023.10.30"]
[EventType "swiss"]
[EventRounds "9"]
[EventCountry "LBN"]
[SourceTitle "CB46_2023"]
[SourceDate "2023.11.15"]
[SourceVersion "1"]
[SourceVersionDate "2023.11.15"]
[SourceQuality "1"]

1. e4 e5 2. Nf3 Nc6 3. Bb5 a6 4. Ba4 b5 5. Bb3 Bc5 6. c3 d6 7. d4 exd4 8. cxd4 Bb4+ 9. Nc3 h6 10. h3 Bb7 11. 0-0 Nge7 12. a3 Ba5 13. Bf4 0-0 14. d5 Nb8 15. Qd3 Nd7 16. Bc2 Ng6 17. Bg3 Re8 18. b4 Bb6 19. Kh1 Nf6 20. Rae1 Nh5 21. Bh2 Nhf4 22. Qd2 Qf6 23. e5 Rxe5 24. Nxe5 dxe5 25. Bxg6 Nxg6 26. f4 exf4 27. Bxf4 Nxf4 28. Rxf4 Qg5 29. h4 Qh5 30. Qe2 Qg6 31. Rg4 Qd6 32. Qe5 Qxe5 33. Rxe5 Rd8 34. h5 Kf8 35. Rge4 c6 36. d6 c5 37. Re1 1-0

[Event "Dekweneh op"]
[Site "Dekweneh"]
[Date "2023.03.01"]
[Round "5"]
[White "Tarabay, Hady"]
[Black "Slim, Nadim"]
[Result "1-0"]
[WhiteElo "1608"]
[BlackElo "1717"]
[PlyCount "73"]
[EventDate "2023.02.25"]
[EventType "tourn"]
[EventRounds "9"]
[EventCountry "LBN"]
[SourceTitle "CBM 213 Extra"]
[Source "ChessBase"]
[SourceDate "2023.05.31"]
[SourceVersion "1"]
[SourceVersionDate "2023.05.31"]
[SourceQuality "1"]

1. e4 c5 2. Nf3 d6 3. d4 cxd4 4. Nxd4 Nf6 5. Nc3 a6 6. Bg5 e6 7. f4 Be7 8. Qf3 Nbd7 9. 0-0-0 Qc7 10. g4 b5 11. Bxf6 gxf6 12. f5 Ne5 13. Qh3 h6 14. Qh5 b4 15. Nce2 exf5 16. gxf5 Bb7 17. Bg2 0-0-0 18. Nf4 Kb8 19. Nd5 Bxd5 20. exd5 Qc4 21. Kb1 Rc8 22. Rhe1 Rc5 23. Bf1 Qxd5 24. Ne6 Qc6 25. Nxc5 dxc5 26. Qe2 c4 27. Bg2 Qb6 28. Qe4 Kc7 29. Rd5 Bd6 30. Red1 Rd8 31. Qh4 Be7 32. Rxd8 Bxd8 33. Qxh6 b3 34. cxb3 cxb3 35. axb3 Be7 36. Qc1+ Kb8 37. Qc2 1-0

[Event "Beirut op 11th"]
[Site "Beirut"]
[Date "2022.11.15"]
[Round "5"]
[White "Slim, Nadim"]
[Black "El Khatib, Malek Ali"]
[Result "1-0"]
[WhiteElo "1731"]
[BlackElo "1215"]
[PlyCount "65"]
[EventDate "2022.11.12"]
[EventType "swiss"]
[EventRounds "9"]
[EventCountry "LBN"]
[SourceTitle "CBM 211 Extra"]
[Source "ChessBase"]
[SourceDate "2023.01.31"]
[SourceVersion "1"]
[SourceVersionDate "2023.01.31"]
[SourceQuality "1"]

1. e4 d5 2. exd5 Qxd5 3. Nc3 Qa5 4. d4 Nf6 5. Nf3 Bf5 6. Ne5 Nbd7 7. Nc4 Qa6 8. Bf4 Qe6+ 9. Be2 Nb6 10. Ne3 c6 11. Nxf5 Qxf5 12. Be5 0-0-0 13. b4 Qd7 14. 0-0 Nfd5 15. Nxd5 Nxd5 16. b5 Nc3 17. bxc6 Qxc6 18. Bg4+ e6 19. Qd3 f6 20. Bf3 Nd5 21. c4 fxe5 22. cxd5 Qd6 23. Rfc1+ Kb8 24. dxe5 Qxe5 25. Rab1 exd5 26. Re1 Qd6 27. Qb5 b6 28. Bg4 Qc5 29. Qa6 Be7 30. Rec1 Qd6 31. Be6 Qa3 32. Rxb6+ Ka8 33. Rc7 1-0

[Event "Beirut op 10th"]
[Site "Beirut"]
[Date "2019.05.01"]
[Round "6"]
[White "Hasan, Ali"]
[Black "Slim, Nadim"]
[Result "1/2-1/2"]
[WhiteElo "1763"]
[BlackElo "1781"]
[PlyCount "78"]
[EventDate "2019.04.25"]
[EventType "swiss"]
[EventRounds "9"]
[EventCountry "LBN"]
[SourceTitle "CBM 190 Extra"]
[Source "ChessBase"]
[SourceDate "2019.07.15"]
[SourceVersion "1"]
[SourceVersionDate "2019.07.15"]
[SourceQuality "1"]

1. e4 c5 2. Nf3 Nc6 3. c3 d5 4. exd5 Qxd5 5. d4 cxd4 6. cxd4 e5 7. Nxe5 Bb4+ 8. Bd2 Qxd4 9. Nxc6 bxc6 10. Bxb4 Qxb4+ 11. Qd2 Qxd2+ 12. Nxd2 Nf6 13. Bc4 0-0 14. 0-0 Rd8 15. Rfd1 Be6 16. Bxe6 fxe6 17. Nb3 Kf7 18. Kf1 Nd5 19. Rac1 Rd6 20. Rd4 Rb8 21. Ra4 Rb7 22. Nc5 Rxb2 23. Rxa7+ Kg6 24. Re1 Nc3 25. Nxe6 Rdd2 26. Nf4+ Kh6 27. Nh3 Rxa2 28. Rc7 Ra6 29. Re6+ g6 30. g3 Nb5 31. Rcxc6 Ra1+ 32. Re1 Rxe1+ 33. Kxe1 Ra2 34. Kf1 Nd4 35. Rc5 Nf3 36. Kg2 Ne1+ 37. Kf1 Nf3 38. Kg2 Ne1+ 39. Kh1 Nd3 1/2-1/2

[Event "LIB-chT"]
[Site "Beirut"]
[Date "2017.09.09"]
[Round "4.3"]
[White "Farhat, Mohamed"]
[Black "Slim, Nadim"]
[Result "0-1"]
[WhiteElo "1806"]
[BlackElo "1807"]
[PlyCount "84"]
[EventDate "2017.09.06"]
[EventType "team"]
[EventRounds "9"]
[EventCountry "LBN"]
[SourceTitle "CBM 180 Extra"]
[Source "ChessBase"]
[SourceDate "2017.10.06"]
[SourceVersion "1"]
[SourceVersionDate "2017.10.06"]
[SourceQuality "1"]
[WhiteTeam "Tanmieah"]
[BlackTeam "Army Club"]
[WhiteTeamCountry "LBN"]
[BlackTeamCountry "LBN"]

1. d4 Nf6 2. c4 e6 3. Nc3 Bb4 4. Bd2 0-0 5. Nf3 c5 6. e3 cxd4 7. Nxd4 d5 8. a3 Be7 9. cxd5 exd5 10. Be2 Nc6 11. 0-0 Nxd4 12. exd4 Qb6 13. Bc1 Bd7 14. Bf3 Bc6 15. Re1 Bd6 16. b4 a6 17. Bg5 Qd8 18. Bxd5 Bxh2+ 19. Kxh2 Qd6+ 20. Kg1 Nxd5 21. Rc1 Nxc3 22. Rxc3 Qd5 23. Rg3 f6 24. Be3 h5 25. f3 Rfe8 26. Qd3 Re7 27. Rc1 Rae8 28. Bf2 Re2 29. Rc5 Qf7 30. Rh3 Bb5 31. Qb1 Qa2 32. Qg6 Rxf2 33. Rcxh5 Re1+ 34. Kh2 Rxg2+ 35. Qxg2 Re2 36. Rh8+ Kf7 37. Rg3 Rxg2+ 38. Rxg2 Qxa3 39. Rh7 Qxf3 40. Rgxg7+ Ke6 41. Rxb7 Qf2+ 42. Kh3 Bf1+ 0-1